00724nam a22002057a 450000500170000001000150001702000260003203500140005803700090007208200080008110000260008924500590011525000060017426000410018027001070022130000210032894200220034999900190037195201280039020240807144511.0 aENG-141263 c690.00a9789390181419 aEN-124795 bDBAD a323 aAgrawal Seema 969689 aHuamn Rights Gender and Environment:cBy Seema Agrawal a1 aNew DelhibBharti Publicationsc2021 bNew Delhia4819/24, 3rd Floor, Mathur Lane Ansari Road, Darya Ganj,e110002k011-23247537, 98998987381 a191p.c23cm(pbk) 2ddccENh323mAGR c204935d204935 001040708NFICaBL4bBL4d2024-08-07eDBADg690.00l0o323 AGRpEN-124795r2024-08-07 00:00:00t1v690.00w2024-08-07yEN